| 000 | 00839nam a2200217 a 4500 | ||
|---|---|---|---|
| 001 | 000028486 | ||
| 003 | DO-SdBNP | ||
| 005 | 20240307073942.0 | ||
| 008 | 110408s2010 dr r 000 0 spa d | ||
| 040 |
_aDO-SdBNP _bspa _cBNPHU |
||
| 082 | 4 |
_a378.1012 _bI59re, 2010 _222 |
|
| 110 | 2 |
_aInstituto Tecnológico de Santo Domingo _978911 |
|
| 245 | 1 | 0 |
_aReglamento académico de postgrado : _baprobado en Consejo académica mediante resolución no. 02-014/2009 / _cpresentación Leandra Tapia de Destro. |
| 260 |
_aSanto Domingo : _bInstituto Tecnologico de Santo Domingo _a2010. |
||
| 300 |
_a69 p. ; _c22 cm. |
||
| 590 | _aInventariado, 2018/BT | ||
| 610 | 0 |
_aINSTITUTO TECNOLÓGICO DE SANTO DOMINGO _vREGLAMENTOS _91629 |
|
| 650 | 4 |
_aUniversidades _vREGLAMENTOS _91627 |
|
| 910 | _aValidado. Control de calidad. MMOLINA | ||
| 942 |
_2ddc _cLBS1 |
||
| 999 |
_c27978 _d27978 |
||